| 000 | 02863cam a2200241 a 4500 | ||
|---|---|---|---|
| 999 |
_c7764 _d7764 |
||
| 003 | OSt | ||
| 005 | 20200520140030.0 | ||
| 008 | 090320s2009 nyua b 000 0 eng | ||
| 020 | _a9781568987798 (pbk. : alk. paper) | ||
| 082 | 0 | 0 |
_a720.92BOG _222 |
| 100 | 1 |
_aBognár, Botond, _d1944- |
|
| 245 | 1 | 0 |
_aMaterial immaterial : _bthe new work of Kengo Kuma / _cBotond Bognar ; project descriptions by Balázs Bognár. |
| 250 | _a1st ed. | ||
| 260 |
_aNew York : _bPrinceton Architectural Press, _cc2009. |
||
| 300 |
_a255 p. : _bill. (some col.) ; _c29 cm. |
||
| 504 | _aIncludes bibliographical references. | ||
| 505 | 0 | _aIntroduction / Kengo Kuma -- Materiality and immateriality in the architecture of Kengo Kuma / Botond Bognar : Architecture in the post-bubble era ; The early stages of Kuma's architecture ; "Particlization" and the blurring of architecture ; Minimalism and materiality ; Sensory design and Japanese traditions ; Urban-scale projects and public space ; In lieu of a conclusion -- Buildings and projects / Balázs Bognár : Old and new: redefining traditions : Waketokuyama, Minato-ku, Tokyo ; Cocon Karasuma, Shimogyo-ku, Kyoto ; Ginzen Onsen Fujiya, Obanazawa, Yamagata Prefecture ; Sake No Hana, London ; Yien East/Archipelago, West Japan ; Cha Cha Moon, London -- Elements of organic architecture: building in wood : Yusuhara Town Hall, Yusuhara, Kochi Prefecture ; Y-Hutte, Karuizawa, Nagano Prefecture ; Hoshinosato Annex, Kudamatsu, Yamaguchi Prefecture ; Ondo-cho CIvic Center, Kure, Hiroshima Prefecture ; JR Hoshakuji Station, Takanezawa, Tochigi Prefecture -- | |
| 505 | 0 | _aChallenging material: spatial filters in stone : Food and Agriculture Museum, Setagaya-ku Tokyo ; Lotus House, East Japan ; Chokkura Plaza and Shelter, Takanezawa, Tochigi Prefecture ; Suntory Museum, Minato-ku, Tokyo ; Shiseikan, Kyoto University of Art and Design, Sakyo-ku, Kyoto -- New materials: innovative building envelopes : LVMH, Chuo-ku, Osaka ; Fukuzaki Hanging Gardens, Minato-ku, Osaka ; Z58 Zhongtai Box, Shanghai, China ; Tiffany Ginza, Chou-ku, Tokyo ; Opposite House Hotel, Beijing, China -- Small spaces: unique structures : Paper Snake, Anyang, South Korea ; Oribe Teahouse, Tajimi, Gifu Prefecture ; KxK Pavilion, Hara Museum, Shinagawa-ku, Tokyo ; Modern Teehaus, Frankfurt, Germany ; Fuan Teahouse, Shizuoka, Shizuoka Prefecture ; Casa Umbrella, Milan, Italy ; Cidori, Milan, Italy -- Urban-scale projects: shaping public places : Nagasaki Prefectural Art Museum, Nagasaki, Nagasaki Prefecture ; Tobata C Block, Kitakyushu, Fukuoka Prefecture ; Asahi Broadcasting Corporation Headquarters, Fukushima-ku, Osaka ; Sanlitun Village South, Beijing, China ; Sanlitun SOHO, China. | |
| 600 | 1 | 0 |
_aKuma, Kengo, _d1954- _xThemes, motives. |
| 650 | 0 |
_aArchitecture _zJapan _xHistory _y21st century. |
|
| 700 | 1 |
_aKuma, Kengo, _d1954- |
|
| 942 | _2ddc | ||